| 000 | 01261nam a2200301 i 4500 | ||
|---|---|---|---|
| 003 | EG-GICUC | ||
| 005 | 20260514105905.0 | ||
| 008 | 260514s2004 ku ||||f ||| 00| 0 ara d | ||
| 040 |
_a EG-GICUC _bara _c EG-GICUC _d EG-GICUC _erda |
||
| 041 | _aara | ||
| 043 | _aKu | ||
| 082 | 0 | 4 |
_221 _a343.31960538 _bا ب . ح |
| 092 | 0 | 4 |
_221 _a343.31960538 _bا ب . ح |
| 099 | _alaw1 B10 343.31960538 ا ب . ح 2004 | ||
| 100 | 0 |
_aابراهيم الدسوقي ابو الليل _eمؤلف. |
|
| 245 |
_aالحماية القانونية للضحية فى القانون الكويتى / _cابراهيم الدسوقي ابو الليل. |
||
| 264 |
_aالكويت : _bمجلس النشر العلمى ، _c2004. |
||
| 300 |
_a133 صفحة ؛ _c24 سم |
||
| 336 |
_2rda content _atext |
||
| 337 |
_2rda media _aComputer |
||
| 338 |
_2rda carrier _aOnline Resource |
||
| 504 | _aمستلة من مجلة الحقوق / ملحق العدد الثانى - السنة الثامنة والعشرون - يونيو 2004 | ||
| 650 | 1 |
_aحقوق المجنى عليه فى الإجراءات الجنائية . _2qrmak _zالكويت |
|
| 651 | 1 | _2qrmak | |
| 856 | 4 | 0 | _uhttps://fll.law.cu.edu.eg/fulltext/bks/B10-06472.pdf |
| 905 | _a58 | ||
| 942 |
_2ddc _cBK _e21 _n0 |
||
| 999 |
_c76875 _d76875 |
||